| 000 | 00467nam a2200169 i 4500 | ||
|---|---|---|---|
| 001 | 125392 | ||
| 003 | ES-MaACL | ||
| 005 | 20230906192622.0 | ||
| 007 | t| | ||
| 008 | 070607q19181930fr ||||1| fre d | ||
| 100 | 1 |
_aVial-Mazel, G. _9114266 |
|
| 245 | 1 | 3 |
_aLe rhin, victoire allemande _b: la République rhénane / _cG. Vial-Mazel. |
| 250 | _a4e éd. | ||
| 260 |
_aParis : _bEtienne Chiron, _c[19--?] |
||
| 300 |
_a184 p. ; _c20 cm. |
||
| 852 |
_aES-MaACL _jF-2316 |
||
| 999 |
_c125392 _d125392 |
||